00000000nam 2200000zi 4500
0019.924741
003CaOODSP
00520241119160540
006m     o  d f      
007cr cn|||||||||
008230705e202312##oncado  ob   f000 0 eng d
020 |a9780660493596
040 |aCaOODSP|beng|erda|cCaOODSP
043 |an-cn---
0861 |aT52-4/105-2023E-PDF
24510|aAircraft ground icing general research activities during the 2022-23 winter / |cprepared by APS Aviation Inc.
250 |aFinal version 1.0
264 1|a[Ottawa] : |bTransport Canada = Transports Canada, |cDecember 2023.
300 |a1 online resource (1 volume (various pagings)) : |billustrations, graphs, photographs
336 |atext|btxt|2rdacontent
337 |acomputer|bc|2rdamedia
338 |aonline resource|bcr|2rdacarrier
500 |a"Prepared for: Transport Canada, Programs Group, Innovation Centre. In cooperation with: Federal Aviation Administration, William J. Hughes Technical Center, Transport Canada, Civil Aviation, Federal Aviation Administration, Flight Standards – Air Carrier Operations."
504 |aIncludes bibliographical references.
520 |a"This report documents the exploratory research and general activities completed in the winter of 2022-23 by APS Aviation Inc. (APS) on behalf of Transport Canada (TC) and the Federal Aviation Administration (FAA). This work is part of the TC/FAA aircraft ground deicing research project. The major activities of the research project are documented in separate reports; this report documents ten activities that were carried out in addition to the main research projects in the winter of 2022-23"--Executive summary, page vii.
546 |aIncludes summary in French.
650 0|aAirplanes|xIce prevention|xResearch|zCanada.
650 6|aAvions|xGivrage|xPrévention|xRecherche|zCanada.
7101 |aCanada. |bTransport Canada, |eissuing body.
7102 |aAPS Aviation Inc., |econsultant.
85640|qPDF|s256 MB|uhttps://publications.gc.ca/collections/collection_2024/tc/T52-4-105-2023-eng.pdf
986 |aTP 15559E